| 000 | 00803nam a2200277 4500 | ||
|---|---|---|---|
| 001 | 15764 | ||
| 003 | BD-RjUL | ||
| 005 | 20211208235901.0 | ||
| 008 | 140210s1962 enk 001 0 eng d | ||
| 020 | _a0582445752 | ||
| 035 | _a(BD-RjUL)15819 | ||
| 040 |
_aDLC _cDLC _dDLC _dBD-RjUL _beng |
||
| 041 | _aeng | ||
| 082 | 0 | 0 |
_a658.8 _bHAM 1962 |
| 100 | 1 |
_aHardy, Leonard. _948902 |
|
| 245 | 1 | 0 |
_aMarketing for profit : _ba study in the formulation of commercial policy within the business organisation / _c Leonard, Hardy |
| 260 |
_aHarlow : _bLongman, _c1962 |
||
| 300 |
_axx, 168 p. ; _c23 cm. |
||
| 350 | _a£2.95 | ||
| 490 | 0 | _aManagement studies series | |
| 504 | _aIncludes Index | ||
| 650 | 0 |
_aMarketing. _948903 |
|
| 942 |
_2ddc _cBK |
||
| 999 |
_c15764 _d15764 |
||